Juan Ramón Jiménez y la "fugitiva" realidad / (Record no. 15866)

MARC details
000 -LEADER
campo de control de longitud fija 00750nam a2200205 i 4500
001 - NÚMERO DE CONTROL
campo de control 15866
003 - IDENTIFICADOR DE NÚMERO DE CONTROL
campo de control ES-MaACL
005 - FECHA Y HORA DE LA ÚLTIMA TRANSACCIÓN
campo de control 20240503101438.0
007 - CAMPO FIJO DE DESCRIPCIÓN FÍSICA--INFORMACIÓN GENERAL
campo de control de longitud fija t|
008 - DATOS DE LONGITUD FIJA--INFORMACIÓN GENERAL
campo de control de longitud fija 000509s1982 pr ||||1| spa d
080 ## - NÚMERO DE LA CLASIFICACIÓN DECIMAL UNIVERSAL
Número de la Clasificación Decimal Universal 821.134.2 Jiménez, Juan Ramón 1.06
100 1# - ENTRADA PRINCIPAL--NOMBRE DE PERSONA
Nombre de persona Zardoya, Concha,
Fechas asociadas al nombre 1914-2004
9 (RLIN) 118071
245 10 - MENCIÓN DEL TÍTULO
Título Juan Ramón Jiménez y la "fugitiva" realidad /
Mención de responsabilidad, etc. Concha Zardoya.
260 ## - PUBLICACIÓN, DISTRIBUCIÓN, ETC.
Lugar de publicación, distribución, etc. Puerto Rico :
Nombre del editor, distribuidor, etc. Sin Nombre,
Fecha de publicación, distribución, etc. 1982.
300 ## - DESCRIPCIÓN FÍSICA
Extensión P. 106-123 ;
Dimensiones 24 cm.
500 ## - NOTA GENERAL
Nota general Separata de: "Sin Nombre", vol. XII, nº 3, abril-junio de 1982, San Juan de Puerto Rico.
600 14 - PUNTO DE ACCESO ADICIONAL DE MATERIA--NOMBRE DE PERSONA
Nombre de persona Jiménez, Juan Ramón,
Fechas asociadas al nombre 1881-1958-
Subdivisión general Crítica e interpretación
9 (RLIN) 66422
852 ## - LOCALIZACIÓN
Ubicación ES-MaACL
Número de control de estantería 2034-F-32
Sublocalización o colección R.115949
Holdings
Estatus retirado Estado de pérdida Estado de daño No para préstamo Colección Biblioteca de origen Biblioteca actual Ubicación en estantería Fecha de adquisición Fuente de adquisición Total de préstamos Signatura topográfica completa Código de barras Visto por última vez Precio de reemplazo Tipo de ítem Koha
        Colección de folletos Biblioteca del Ateneo de Madrid Biblioteca del Ateneo de Madrid Depósito folletos 17/01/2008     2034-F-32 1016126 23/02/2023 23/02/2023 Folleto